Human resources management / (Record no. 2786)

000 -LEADER
fixed length control field nam a22 7a 4500
005 - DATE AND TIME OF LATEST TRANSACTION
control field 20170518084933.0
008 - FIXED-LENGTH DATA ELEMENTS--GENERAL INFORMATION
fixed length control field 170518b1978 enk||||| |||| 00| 0 eng d
020 ## - INTERNATIONAL STANDARD BOOK NUMBER
International Standard Book Number 0712108122 (pbk) :
Terms of availability £2.00
040 ## - CATALOGING SOURCE
Original cataloging agency AKMAL
082 ## - DEWEY DECIMAL CLASSIFICATION NUMBER
Classification number 650 GRA
090 ## - LOCALLY ASSIGNED LC-TYPE CALL NUMBER (OCLC); LOCAL CALL NUMBER (RLIN)
Classification number (OCLC) (R) ; Classification number, CALL (RLIN) (NR) 650
Local cutter number (OCLC) ; Book number/undivided call number, CALL (RLIN) GRA
100 1# - MAIN ENTRY--PERSONAL NAME
Personal name Graham, H. T. |q (Harold Thomas),
Dates associated with a name 1918-
9 (RLIN) 5889
245 10 - TITLE STATEMENT
Title Human resources management /
Statement of responsibility, etc. H.T. Graham
250 ## - EDITION STATEMENT
Edition statement 2nd ed.
260 ## - PUBLICATION, DISTRIBUTION, ETC.
Place of publication, distribution, etc. Plymouth :
Name of publisher, distributor, etc. Macdonald and Evans,
Date of publication, distribution, etc. 1978
300 ## - PHYSICAL DESCRIPTION
Extent x,278p. :
Other physical details ill., 1form ;
Dimensions 18cm
490 0# - SERIES STATEMENT
Series statement The M. & E. handbook series
500 ## - GENERAL NOTE
General note Previous ed.: 1974.
500 ## - GENERAL NOTE
General note Bibliography: p.267. _ Includes index.
650 #0 - SUBJECT ADDED ENTRY--TOPICAL TERM
Topical term or geographic name entry element Personnel management.
9 (RLIN) 602
942 ## - ADDED ENTRY ELEMENTS (KOHA)
Source of classification or shelving scheme
Koha item type Book
Holdings
Withdrawn status Lost status Source of classification or shelving scheme Damaged status Not for loan Collection code Home library Current library Shelving location Date acquired Inventory number Total Checkouts Full call number Barcode Date last seen Price effective from Koha item type
          NON-FICTION AKMAL Melaka AKMAL Melaka PINJAMAN 18.05.2017 600294   650 GRA 201703585 18.05.2017 18.05.2017 Book
Pusat Sumber Maklumat Dato' Haji Sarmin Md Hussin, Akademi Kastam Diraja Malaysia, Melaka
Tel: 06-2331106 | Faks: 06-2313787